000 00292nam a2200121Ia 4500
008 240731s9999 xx 000 0 und d
022 _a2045-0915
245 0 _aCNS Oncology
260 _bTaylor & Francis
856 _uhttps://www.tandfonline.com/loi/icns20
942 _2ddc
942 _cTFEJ
999 _c75732
_d75732
945 _a1
_bMadushi Gamage
_c1
_dMadushi Gamage